Statistics for Top 20 Best Wide Receivers of the 2010's

Click here to take the quiz!

General Stats

  • This quiz has been taken 42 times
  • The average score is 17 of 20

Answer Stats

TeamPosition% Correct
PITAntonio Brown
100%
NEJulian Edelman
100%
DETCalvin Johnson
97%
HOUDeAndre Hopkins
94%
ATLJulio Jones
94%
CINA.J. Green
92%
DENDemaryius Thomas
92%
ARILarry Fitzgerald
92%
NOMichael Thomas
92%
TBMike Evans
92%
NYGOdell Beckham Jr.
92%
DALDez Bryant
86%
GBJordy Nelson
83%
CARSteve Smith
81%
INDT.Y. Hilton
81%
PHIDeSean Jackson
75%
TBVincent Jackson
75%
ATLRoddy White
61%
CHIBrandon Marshall
58%
BALAnquan Boldin
31%

Score Distribution

Percentile by Number Answered

Percent of People with Each Score

Your Score History

You have not taken this quiz